000 00427nam a2200181Ia 4500
005 20240823043129.0
008 240823s9999||||xx |||||||||||||| ||und||
020 _a81-906096-3-0
041 _aENGLISH
082 _A519.4 Q1
100 _aBalaji G
245 0 _aNumerical Methods
250 _a7th
260 _c2011
_bBalaji G Publi
500 _aTRANSFERED
650 _aNumerical Methods
_bMathematics
942 _cBK
999 _c209506
_d209506